| 000 | 01018nam a2200265 i 4500 | ||
|---|---|---|---|
| 001 | 189767 | ||
| 003 | ES-MaACL | ||
| 005 | 20230906223541.0 | ||
| 007 | t| | ||
| 008 | 191017s1974 sp ||||1| spa d | ||
| 130 | 0 |
_aMe-am loez. _pEster. _9168535 |
|
| 245 | 1 | 0 |
_aMe'am lo'ez, Ester / _cde Rafael Hiyah ; instroducción, notas y apéndices por Pascual Pascual Recuero. |
| 260 |
_aMadrid : _bGredos, _c1974. |
||
| 300 |
_a490, 49 p. ; _c25 cm. |
||
| 490 | 1 |
_aMe'am lo'ez : el gran comentario bíblico sefardí ; _v13 |
|
| 490 | 1 | _aBiblioteca universal sefardí | |
| 500 | _aPublicaciones del Instituto Ibn Tibbón. | ||
| 546 | _aTexto en ladino y traducción al español; introducción y notas en español. | ||
| 700 | 1 |
_aPascual Recuero, Pascual. _989395 |
|
| 700 | 1 |
_aPontremoli, Raphael Hiya. _9168536 |
|
| 830 | 0 |
_aMe'am lo'ez : el gran comentario bíblico sefardí ; _v13 _9193404 |
|
| 830 | 0 |
_aBiblioteca universal sefardí _9193405 |
|
| 852 |
_aES-MaACL _jP-1010-Bis-4 |
||
| 999 |
_c189767 _d189767 |
||